| 000 | 00722nam a2200217Ia 4500 | ||
|---|---|---|---|
| 003 | GCL | ||
| 008 | 140319s9999 xx 000 0 ara d | ||
| 040 |
_aGCL / _cGCL |
||
| 082 | 0 | 4 |
_a940.18 _bر ح |
| 100 | 1 | _aنورالدين خليل | |
| 245 | 1 | 0 |
_aالحملات الصليبية: من كليرمونت الى اورشليم / _cنورالدين خليل |
| 700 | 1 | _aرانسيمان، ستيفن | |
| 260 |
_a[S.N] : _bالهيئة المصرية العامة للكتاب ، _c1994 |
||
| 300 | _a406 ص | ||
| 490 |
_aسلسلة الالف كتاب _v0 |
||
| 650 | 0 | 4 | _aتاريخ |
| 650 | 0 | 4 | _aالحروب الصليبية |
| 650 | 0 | 4 | _aالعصور الوسطى |
| 650 | 0 | 4 | _aاوربا |
| 942 |
_2ddc _cBK |
||
| 999 |
_c33355 _d33355 |
||